[Event "September Lviv Tradition 2019"]
[Site "Lviv"]
[Date "2019.09.26"]
[Round "7.2"]
[White "Nester, Ihor"]
[Black "Vakulenko, Oleksandr"]
[Result "0-1"]
[WhiteElo "2383"]
[BlackElo "2167"]
[Annotator "NA"]
[PlyCount "84"]
[EventDate "2019.09.23"]
[EventType "tourn"]
[EventCountry "UKR"]
[SourceTitle "playchess.com"]
[Source "ChessBase"]
[SourceQuality "1"]
[TimeControl "5400+30"]

1. Nf3 {[%emt 0:00:00]} d5 {[%emt 0:00:00]} 2. d4 {[%emt 0:00:00]} e6 {[%emt 0:00:00]} 3. c4 {[%emt 0:00:00]} c6 {[%emt 0:00:03]} 4. Qc2 {[%emt 0:01:22]} Nf6 {[%emt 0:00:59]} 5. Nbd2 {[%emt 0:01:18]} Nbd7 {[%emt 0:05:14]} 6. g3 {[%emt 0:00:16]} b6 {[%emt 0:00:58]} 7. Bg2 {[%emt 0:00:27]} Bb7 {[%emt 0:00:07]} 8. O-O {[%emt 0:01:04]} Be7 {[%emt 0:00:55]} 9. e4 {[%emt 0:00:12]} dxe4 {[%emt 0:02:32]} 10. Nxe4 {[%emt 0:00:05]} O-O {[%emt 0:01:24]} 11. Rd1 {[%emt 0:00:38]} Nxe4 {[%emt 0:09:31]} 12. Qxe4 {[%emt 0:00:05]} Qc8 {[%emt 0:00:26]} 13. Ng5 {[%emt 0:15:40]} Nf6 {[%emt 0:01:20]} 14. Qe2 {[%emt 0:01:12]} Rd8 {[%emt 0:05:46]} 15. Bh3 {[%emt 0:21:26]} Kf8 {[%emt 0:16:55]} 16. Re1 {[%emt 0:03:53]} Bb4 {[%emt 0:10:24]} 17. Bd2 {[%emt 0:11:45]} Bxd2 {[%emt 0:01:22]} 18. Qxd2 {[%emt 0:00:02]} h6 {[%emt 0:02:38]} 19. Bxe6 {[%emt 0:16:42]} fxe6 {[%emt 0:00:32]} 20. Nxe6+ {[%emt 0:00:07]} Kf7 {[%emt 0:00:50]} 21. Nxd8+ {[%emt 0:01:36]} Qxd8 {[%emt 0:00:01]} 22. Qf4 {[%emt 0:00:15]} Qd7 {[%emt 0:11:17]} 23. Re5 {[%emt 0:00:31]} Rd8 {[%emt 0:04:37]} 24. Rae1 {[%emt 0:00:53]} Kf8 {[%emt 0:00:45]} 25. Re6 {[%emt 0:01:12]} Kf7 {[%emt 0:08:46]} 26. Qe5 {[%emt 0:07:49]} Re8 {[%emt 0:07:21]} 27. Rxf6+ {[%emt 0:10:00]} gxf6 {[%emt 0:00:02]} 28. Qh5+ {[%emt 0:00:05]} Kf8 {[%emt 0:00:11]} 29. Qxh6+ {[%emt 0:00:01]} Kg8 {[%emt 0:00:10]} 30. Qg6+ {[%emt 0:00:04]} Kf8 {[%emt 0:00:04]} 31. Qxf6+ {[%emt 0:00:05]} Kg8 {[%emt 0:00:05]} 32. Qg6+ {[%emt 0:00:39]} Kf8 {[%emt 0:00:02]} 33. Rxe8+ Qxe8 34. Qxe8+ {[%emt 0:02:23]} Kxe8 {[%emt 0:00:08]} 35. g4 {[%emt 0:00:03]} Bc8 {[%emt 0:03:07]} 36. h3 {[%emt 0:00:01]} Be6 {[%emt 0:00:22]} 37. b3 {[%emt 0:00:00]} b5 {[%emt 0:04:17]} 38. cxb5 {[%emt 0:00:18]} cxb5 {[%emt 0:00:02]} 39. f4 {[%emt 0:00:54]} Bxb3 {[%emt 0:02:27]} 40. a3 {[%emt 0:00:26]} a5 41. Kf2 b4 {[%emt 0:01:30]} 42. axb4 {[%emt 0:00:14]} a4 {[%emt 0:00:06]} 0-1

[Event "September Lviv Tradition 2019"]
[Site "Lviv"]
[Date "2019.09.26"]
[Round "7.3"]
[White "Sevostianov, Pavel"]
[Black "Cherniaiev, Tykhon"]
[Result "1/2-1/2"]
[WhiteElo "2260"]
[BlackElo "2112"]
[Annotator "NA"]
[PlyCount "74"]
[EventDate "2019.09.23"]
[EventType "tourn"]
[EventCountry "UKR"]
[SourceTitle "playchess.com"]
[Source "ChessBase"]
[SourceQuality "1"]
[TimeControl "5400+30"]

1. e4 {[%emt 0:00:23]} e5 {[%emt 0:00:21]} 2. Nc3 {[%emt 0:01:03]} Nc6 {[%emt 0:01:37]} 3. g3 {[%emt 0:01:32]} Bc5 {[%emt 0:11:14]} 4. Bg2 {[%emt 0:00:09]} Nf6 {[%emt 0:01:33]} 5. Nge2 {[%emt 0:00:22]} a6 {[%emt 0:09:54]} 6. O-O {[%emt 0:00:52]} d6 {[%emt 0:00:33]} 7. d3 {[%emt 0:01:58]} Be6 {[%emt 0:06:00]} 8. Be3 {[%emt 0:02:39]} Bxe3 {[%emt 0:16:06]} 9. fxe3 {[%emt 0:04:12]} Ne7 {[%emt 0:12:13]} 10. d4 Qd7 {[%emt 0:02:27]} 11. Qe1 {[%emt 0:11:28]} Bh3 {[%emt 0:03:25]} 12. Rd1 {[%emt 0:00:29]} Bxg2 {[%emt 0:00:39]} 13. Kxg2 {[%emt 0:00:01]} Qg4 {[%emt 0:01:21]} 14. Qf2 {[%emt 0:02:02]} O-O {[%emt 0:02:05]} 15. h3 {[%emt 0:01:41]} Qg6 {[%emt 0:00:31]} 16. Qf3 {[%emt 0:00:17]} Nd7 {[%emt 0:03:19]} 17. g4 {[%emt 0:00:28]} f5 {[%emt 0:03:40]} 18. Ng3 {[%emt 0:07:17]} fxe4 {[%emt 0:02:03]} 19. Qxe4 {[%emt 0:00:55]} Qxe4+ {[%emt 0:00:08]} 20. Ngxe4 {[%emt 0:00:24]} Rxf1 {[%emt 0:06:09]} 21. Rxf1 {[%emt 0:02:04]} exd4 {[%emt 0:00:46]} 22. exd4 {[%emt 0:00:10]} h6 {[%emt 0:00:12]} 23. Ng3 {[%emt 0:02:55]} Nf6 {[%emt 0:02:40]} 24. Nf5 {[%emt 0:02:36]} Nxf5 {[%emt 0:00:20]} 25. Rxf5 {[%emt 0:00:09]} Re8 {[%emt 0:00:09]} 26. Kf2 {[%emt 0:00:21]} Ne4+ {[%emt 0:01:58]} 27. Nxe4 {[%emt 0:00:06]} Rxe4 {[%emt 0:00:04]} 28. c3 {[%emt 0:00:28]} g6 {[%emt 0:03:37]} 29. Rf3 {[%emt 0:00:34]} Kg7 {[%emt 0:01:27]} 30. Re3 {[%emt 0:00:19]} Rxe3 {[%emt 0:00:22]} 31. Kxe3 {[%emt 0:00:05]} Kf6 {[%emt 0:00:06]} 32. Kf4 {[%emt 0:01:53]} d5 {[%emt 0:00:43]} 33. h4 {[%emt 0:01:08]} g5+ {[%emt 0:00:04]} 34. hxg5+ {[%emt 0:00:13]} hxg5+ {[%emt 0:00:06]} 35. Ke3 {[%emt 0:00:19]} Ke6 {[%emt 0:00:51]} 36. Kd3 {[%emt 0:00:17]} b5 {[%emt 0:01:51]} 37. b4 {[%emt 0:00:12]} Kd6 {[%emt 0:00:15] Ke4 Ke5+} 1/2-1/2

[Event "September Lviv Tradition 2019"]
[Site "Lviv"]
[Date "2019.09.26"]
[Round "7.4"]
[White "Siniauski, Artsiom"]
[Black "Rydstrom, Tom"]
[Result "1/2-1/2"]
[WhiteElo "2233"]
[BlackElo "2322"]
[Annotator "NA"]
[PlyCount "131"]
[EventDate "2019.09.23"]
[EventType "tourn"]
[EventCountry "UKR"]
[SourceTitle "playchess.com"]
[Source "ChessBase"]
[SourceQuality "1"]
[TimeControl "5400+30"]

1. e4 {[%emt 0:00:00]} e5 {[%emt 0:00:00]} 2. Nf3 {[%emt 0:00:00]} Nc6 {[%emt 0:00:04]} 3. Bb5 {[%emt 0:00:00]} a6 {[%emt 0:00:19]} 4. Ba4 {[%emt 0:00:00]} Nf6 {[%emt 0:00:23]} 5. O-O {[%emt 0:00:14]} Be7 {[%emt 0:01:02]} 6. Re1 {[%emt 0:00:25]} b5 {[%emt 0:00:33]} 7. Bb3 {[%emt 0:00:05]} d6 {[%emt 0:00:23]} 8. c3 {[%emt 0:00:12]} O-O {[%emt 0:00:16]} 9. h3 {[%emt 0:00:17]} Na5 {[%emt 0:00:55]} 10. Bc2 {[%emt 0:00:34]} c5 {[%emt 0:00:07]} 11. d4 {[%emt 0:00:55]} Qc7 {[%emt 0:00:25]} 12. Nbd2 {[%emt 0:01:34]} Bd7 {[%emt 0:00:36]} 13. d5 {[%emt 0:02:41]} c4 {[%emt 0:00:14]} 14. Nf1 {[%emt 0:00:35]} Nb7 {[%emt 0:00:13]} 15. Ng3 {[%emt 0:00:54]} Rfe8 {[%emt 0:00:16]} 16. Nh2 {[%emt 0:03:12]} Nc5 {[%emt 0:00:48]} 17. Ng4 {[%emt 0:01:26]} Nxg4 {[%emt 0:02:42]} 18. hxg4 {[%emt 0:00:09]} Qd8 {[%emt 0:19:09]} 19. Be3 {[%emt 0:08:45]} Rc8 {[%emt 0:01:26]} 20. Nf5 {[%emt 0:03:01]} Bxf5 {[%emt 0:01:18]} 21. exf5 {[%emt 0:04:32]} Bg5 {[%emt 0:00:50]} 22. Qd2 {[%emt 0:01:27]} h6 {[%emt 0:01:14]} 23. g3 {[%emt 0:03:18]} e4 {[%emt 0:04:15]} 24. Kg2 {[%emt 0:06:19]} Re5 {[%emt 0:10:40]} 25. Qd4 {[%emt 0:21:08]} Nd3 {[%emt 0:10:38]} 26. Re2 {[%emt 0:14:34]} Bxe3 {[%emt 0:11:08]} 27. Rxe3 {[%emt 0:01:04]} Rc5 {[%emt 0:02:40]} 28. Rxe4 {[%emt 0:02:26]} Rcxd5 {[%emt 0:00:28]} 29. Qe3 {[%emt 0:00:26]} Rxe4 {[%emt 0:00:49]} 30. Qxe4 {[%emt 0:00:23]} Re5 {[%emt 0:00:28]} 31. Bxd3 {[%emt 0:08:08]} Rxe4 {[%emt 0:00:03]} 32. Bxe4 {[%emt 0:00:04]} Qg5 {[%emt 0:00:27]} 33. Rd1 {[%emt 0:00:30]} Qxg4 {[%emt 0:00:50]} 34. f3 {[%emt 0:00:10]} Qg5 {[%emt 0:00:19]} 35. Rxd6 {[%emt 0:00:09]} h5 {[%emt 0:00:46]} 36. Kh3 {[%emt 0:01:47]} a5 {[%emt 0:05:15]} 37. Rb6 {[%emt 0:01:08]} Qc1 {[%emt 0:08:00]} 38. Rb8+ {[%emt 0:03:35]} Kh7 {[%emt 0:00:02]} 39. f6+ {[%emt 0:00:09]} g6 {[%emt 0:00:01]} 40. Kh4 {[%emt 0:00:32]} Qh1+ {[%emt 0:02:15]} 41. Kg5 {[%emt 0:00:08]} Qh2 {[%emt 0:00:16]} 42. Bxg6+ {[%emt 0:01:04]} fxg6 {[%emt 0:00:01]} 43. Rb7+ {[%emt 0:00:08]} Kg8 {[%emt 0:00:35]} 44. Rb8+ {[%emt 0:00:12]} Kf7 {[%emt 0:00:01]} 45. Rb7+ {[%emt 0:00:07]} Ke8 {[%emt 0:06:22]} 46. Rb8+ {[%emt 0:05:17]} Kd7 {[%emt 0:05:00]} 47. Kh6 {[%emt 0:01:41]} Qxg3 {[%emt 0:00:03]} 48. Rb7+ {[%emt 0:00:16]} Kc6 {[%emt 0:05:13]} 49. Re7 {[%emt 0:04:15]} Qxf3 {[%emt 0:04:09]} 50. Kg7 {[%emt 0:00:23]} Kd6 {[%emt 0:00:29]} 51. Re8 {[%emt 0:03:45]} b4 {[%emt 0:00:24]} 52. cxb4 c3 53. bxc3 {[%emt 0:01:55]} Qxc3 {[%emt 0:00:03]} 54. bxa5 {[%emt 0:00:28]} Kc7 {[%emt 0:01:01]} 55. a6 {[%emt 0:00:22]} Kb6 {[%emt 0:00:01]} 56. Re6+ {[%emt 0:00:14]} Ka7 {[%emt 0:00:09]} 57. Kh7 {[%emt 0:00:30]} Qc8 {[%emt 0:01:43]} 58. f7 {[%emt 0:00:44]} Qxe6 {[%emt 0:00:21]} 59. f8=Q {[%emt 0:00:09]} Qf5 {[%emt 0:00:34]} 60. Qe7+ {[%emt 0:00:33]} Kxa6 {[%emt 0:00:05]} 61. Kh6 {[%emt 0:00:34]} Kb6 {[%emt 0:00:51]} 62. Qb4+ {[%emt 0:00:45]} Qb5 {[%emt 0:00:48]} 63. Qd4+ {[%emt 0:00:17]} Qc5 {[%emt 0:00:06]} 64. Qb2+ {[%emt 0:00:20]} Ka5 {[%emt 0:00:46]} 65. Kxg6 {[%emt 0:00:23]} h4 {[%emt 0:00:16]} 66. Qh2 {[%emt 0:00:39]} 1/2-1/2

[Event "September Lviv Tradition 2019"]
[Site "Lviv"]
[Date "2019.09.26"]
[Round "7.5"]
[White "Prydun, Andriy"]
[Black "Gavrish, Leonid"]
[Result "0-1"]
[WhiteElo "2273"]
[BlackElo "2022"]
[Annotator "NA"]
[PlyCount "130"]
[EventDate "2019.09.23"]
[EventType "tourn"]
[EventCountry "UKR"]
[SourceTitle "playchess.com"]
[Source "ChessBase"]
[SourceQuality "1"]
[TimeControl "5400+30"]

1. d4 {[%emt 0:00:00]} Nf6 {[%emt 0:04:24]} 2. c4 {[%emt 0:00:00]} c5 {[%emt 0:00:21]} 3. d5 {[%emt 0:00:00]} b5 {[%emt 0:00:06]} 4. cxb5 {[%emt 0:00:00]} a6 {[%emt 0:00:04]} 5. bxa6 {[%emt 0:00:00]} g6 {[%emt 0:00:06]} 6. Nf3 {[%emt 0:00:00]} Bg7 {[%emt 0:00:08]} 7. g3 {[%emt 0:00:00]} d6 {[%emt 0:00:36]} 8. Bg2 {[%emt 0:00:00]} O-O {[%emt 0:01:39]} 9. O-O {[%emt 0:00:04]} Nxa6 {[%emt 0:01:19]} 10. Nc3 {[%emt 0:00:13]} Bf5 {[%emt 0:00:21]} 11. Ne1 {[%emt 0:01:20]} Qb6 {[%emt 0:01:18]} 12. e4 {[%emt 0:01:36]} Bg4 {[%emt 0:00:39]} 13. f3 {[%emt 0:00:26]} Bd7 {[%emt 0:01:34]} 14. Rb1 {[%emt 0:01:25]} Ne8 {[%emt 0:01:53]} 15. Bd2 {[%emt 0:01:46]} Nec7 {[%emt 0:02:42]} 16. Nc2 {[%emt 0:00:24]} Rfb8 {[%emt 0:09:38]} 17. a3 {[%emt 0:01:04]} Nb5 {[%emt 0:01:43]} 18. Ne2 {[%emt 0:00:19]} Nd4 {[%emt 0:07:16]} 19. Ncxd4 {[%emt 0:07:26]} cxd4 {[%emt 0:03:47]} 20. Kh1 {[%emt 0:00:02]} Nc5 {[%emt 0:02:22]} 21. b4 {[%emt 0:10:16]} Nd3 {[%emt 0:13:31]} 22. Nc1 {[%emt 0:29:17]} Rxa3 {[%emt 0:03:51]} 23. Nxd3 {[%emt 0:00:22]} Rxd3 {[%emt 0:00:10]} 24. Qc2 {[%emt 0:00:06]} Ra3 {[%emt 0:05:13]} 25. Rfc1 {[%emt 0:00:09]} f5 {[%emt 0:03:16]} 26. Qc7 {[%emt 0:08:23]} Ra7 {[%emt 0:03:58]} 27. Qxb6 {[%emt 0:00:02]} Rxb6 {[%emt 0:00:09]} 28. Ra1 {[%emt 0:03:40]} Rbb7 {[%emt 0:00:54]} 29. Ra5 {[%emt 0:01:48]} Rxa5 {[%emt 0:05:26]} 30. bxa5 {[%emt 0:00:05]} Rb2 {[%emt 0:00:12]} 31. Bg5 {[%emt 0:02:27]} d3 {[%emt 0:03:34]} 32. Bf1 {[%emt 0:03:36]} d2 {[%emt 0:00:45]} 33. Rd1 {[%emt 0:00:06]} Bc3 {[%emt 0:05:20]} 34. a6 {[%emt 0:01:51]} fxe4 {[%emt 0:01:08]} 35. Bc4 {[%emt 0:19:47]} Bd4 {[%emt 0:06:00]} 36. Bxd2 {[%emt 0:08:46]} Ba4 {[%emt 0:01:57]} 37. Bc3 {[%emt 0:00:01]} Bxc3 {[%emt 0:06:13]} 38. Ra1 {[%emt 0:00:30]} Bd4 {[%emt 0:02:20]} 39. Rxa4 {[%emt 0:00:40]} exf3 {[%emt 0:01:19]} 40. Ra1 {[%emt 0:01:26]} Rb4 {[%emt 0:00:20]} 41. Rc1 {[%emt 0:00:33]} Be3 {[%emt 0:00:48]} 42. a7 {[%emt 0:00:14]} Bxa7 {[%emt 0:00:11]} 43. Ba6 {[%emt 0:00:22]} Be3 {[%emt 0:01:03]} 44. Rf1 {[%emt 0:00:03]} f2 {[%emt 0:00:23]} 45. Be2 {[%emt 0:01:00]} Kf7 {[%emt 0:00:31]} 46. Kg2 {[%emt 0:00:30]} e6 {[%emt 0:00:13]} 47. dxe6+ {[%emt 0:00:05]} Kxe6 {[%emt 0:00:07]} 48. Ra1 {[%emt 0:00:22]} d5 {[%emt 0:00:47]} 49. Kf3 {[%emt 0:00:41]} Bc5 {[%emt 0:00:19]} 50. Rc1 {[%emt 0:00:45]} Rb3+ {[%emt 0:00:31]} 51. Kg2 {[%emt 0:00:06]} Kd6 {[%emt 0:01:00]} 52. Rd1 {[%emt 0:00:04]} Ke5 {[%emt 0:01:17]} 53. Bf3 {[%emt 0:00:06]} Bd4 {[%emt 0:00:27]} 54. Rf1 {[%emt 0:02:11]} Be3 {[%emt 0:00:24]} 55. Rd1 {[%emt 0:00:18]} d4 {[%emt 0:00:12]} 56. Be2 {[%emt 0:00:02]} Rb2 {[%emt 0:00:21]} 57. Bf1 {[%emt 0:00:11]} Kd5 {[%emt 0:00:35]} 58. Kf3 {[%emt 0:00:01]} Kc5 {[%emt 0:01:00]} 59. Kg2 {[%emt 0:01:59]} Kb4 {[%emt 0:00:33]} 60. Rd3 {[%emt 0:00:31]} Rb1 {[%emt 0:00:56]} 61. h3 {[%emt 0:00:19]} h5 {[%emt 0:00:30]} 62. h4 {[%emt 0:00:40]} Rc1 {[%emt 0:00:29]} 63. g4 {[%emt 0:00:32]} hxg4 {[%emt 0:00:11]} 64. h5 {[%emt 0:00:31]} gxh5 {[%emt 0:00:07]} 65. Kh2 {[%emt 0:00:06]} Rxf1 {[%emt 0:00:22]} 0-1

[Event "September Lviv Tradition 2019"]
[Site "Lviv"]
[Date "2019.09.27"]
[Round "8.1"]
[White "Frolov, Artur"]
[Black "Nester, Ihor"]
[Result "1/2-1/2"]
[WhiteElo "2425"]
[BlackElo "2383"]
[Annotator "TA"]
[PlyCount "85"]
[EventDate "2019.09.23"]
[EventType "tourn"]
[EventCountry "UKR"]
[SourceTitle "playchess.com"]
[Source "ChessBase"]
[SourceQuality "1"]

{[%evp 21,85,25,40,27,69,4,4,4,4,4,8,8,29,17,17,17,16,17,16,14,16,17,15,16,15,14,14,14,14,14,12,14,21,22,14,16,16,4,4,3,3,4,4,4,8,8,8,7,8,0,20,20,20,20,20,20,20,20,20,0,20,0,20,0,20,0]} 1. d4 d5 2. c4 c6 3. Nc3 Nf6 4. Nf3 e6 5. e3 Nbd7 6. Bd3 dxc4 7. Bxc4 b5 8. Bd3 a6 9. e4 c5 10. d5 c4 11. Bc2 Qc7 12. O-O {D48: Semi-Slav: Meran System: 7...b5 8 Bd3 a6} Bc5 (12... Bd6 13. dxe6 fxe6 14. Ng5 Nb6 15. a4 h6 16. Nf3 b4 17. e5 Bxe5 18. Nxe5 Qxe5 19. Re1 Qb8 20. Bg6+ Ke7 21. a5 Rd8 {1-0 (33) Zhou,J (2589)-Liu,Q (2523) Xinghua 2015}) 13. b3 ({Better is} 13. dxe6 $14 fxe6 14. Qe2) 13... O-O $11 14. bxc4 bxc4 15. Rb1 exd5 $1 16. Nxd5 Nxd5 17. Qxd5 Rb8 {The position is equal.} 18. Rxb8 Nxb8 19. Bf4 Bxf2+ 20. Rxf2 Qxf4 21. Ng5 $146 Qc1+ 22. Rf1 Qe3+ {[#]} ({Weaker is} 22... Qxc2 23. Rxf7 Qc1+ 24. Rf1+ Be6 25. Qxe6+ (25. Rxc1 Bxd5 26. exd5 Rf5 $11) 25... Kh8 26. Nf7+ Kg8 {[#]} 27. Nh6+ $1 {[%mdl 512]} Kh8 28. Qg8+ $1 {[%mdl 512]} Rxg8 29. Nf7# (29. Rxc1 $2 {is the wrong capture.} gxh6 30. Rxc4 Nd7 $19)) 23. Kh1 $1 {[%cal Rf1f7][%mdl 512]} Bb7 $1 {[%cal Rb7d5]} 24. Qxb7 Qxg5 25. Qc7 h6 (25... Qe3 $5 {[%cal Re3e2]} 26. Qxc4 Nd7 $14) 26. Qxc4 Nd7 27. Qxa6 Nf6 28. Qe2 Qe5 29. a4 Rc8 30. Bb3 Rc3 31. Ba2 Ra3 32. Qc4 Kh7 {( -> ...Ng4)} 33. Qxf7 {Black should prevent Qc4.} Rxa4 34. h3 Ra8 35. Bb1 {Hoping for Rxf6!} Kh8 36. Qc4 Rd8 37. Bd3 Qd4 38. Qxd4 Rxd4 39. Bc2 {Black must now prevent e5.} Rc4 40. Bd3 Rd4 41. Bc2 {e5 is the strong threat.} Rc4 42. Bd3 Rd4 43. Bc2 {Accuracy: White = 67%, Black = 88%.} 1/2-1/2

[Event "September Lviv Tradition 2019"]
[Site "Lviv"]
[Date "2019.09.27"]
[Round "8.2"]
[White "Rydstrom, Tom"]
[Black "Prydun, Andriy"]
[Result "0-1"]
[WhiteElo "2322"]
[BlackElo "2273"]
[Annotator "NA"]
[PlyCount "86"]
[EventDate "2019.09.23"]
[EventType "tourn"]
[EventCountry "UKR"]
[SourceTitle "playchess.com"]
[Source "ChessBase"]
[SourceQuality "1"]
[TimeControl "5400+30"]

1. e4 {[%emt 0:00:00]} e6 {[%emt 0:00:00]} 2. d4 {[%emt 0:00:00]} d5 {[%emt 0:00:00]} 3. Nc3 {[%emt 0:00:00]} Bb4 {[%emt 0:00:00]} 4. e5 {[%emt 0:00:04]} c5 {[%emt 0:00:03]} 5. a3 {[%emt 0:01:00]} Bxc3+ {[%emt 0:00:07]} 6. bxc3 {[%emt 0:00:04]} Ne7 {[%emt 0:01:25]} 7. Qg4 {[%emt 0:00:26]} O-O {[%emt 0:01:42]} 8. Bd3 {[%emt 0:00:55]} f5 {[%emt 0:04:09]} 9. exf6 {[%emt 0:01:25]} Rxf6 {[%emt 0:00:17]} 10. Bg5 {[%emt 0:00:41]} Rf7 {[%emt 0:00:26]} 11. Qh5 {[%emt 0:01:58]} g6 {[%emt 0:01:52]} 12. Qh4 {[%emt 0:00:13]} Qa5 {[%emt 0:00:22]} 13. Bd2 {[%emt 0:08:18]} c4 {[%emt 0:01:50]} 14. Be2 {[%emt 0:00:01]} Nf5 {[%emt 0:03:03]} 15. Qg5 {[%emt 0:01:56]} Nd6 {[%emt 0:06:59]} 16. Nf3 {[%emt 0:02:08]} Ne4 {[%emt 0:09:02]} 17. Qh6 {[%emt 0:04:00]} Nc6 {[%emt 0:05:16]} 18. h4 {[%emt 0:23:10]} e5 {[%emt 0:18:52]} 19. h5 {[%emt 0:04:13]} Bf5 {[%emt 0:02:26]} 20. Nh4 {[%emt 0:20:22]} Nxd2 {[%emt 0:02:27]} 21. Qxd2 {[%emt 0:04:16]} exd4 {[%emt 0:03:34]} 22. hxg6 {[%emt 0:03:52]} Bxg6 {[%emt 0:01:36]} 23. Nxg6 {[%emt 0:00:16]} hxg6 {[%emt 0:00:10]} 24. Rd1 {[%emt 0:01:03]} Re8 {[%emt 0:00:27]} 25. Qh6 {[%emt 0:02:33]} Qxc3+ {[%emt 0:01:27]} 26. Kf1 {[%emt 0:00:44]} d3 {[%emt 0:04:22]} 27. Qxg6+ {[%emt 0:00:00]} Qg7 {[%emt 0:00:27]} 28. Qxg7+ {[%emt 0:04:44]} Rxg7 {[%emt 0:01:41]} 29. cxd3 {[%emt 0:00:01]} c3 {[%emt 0:00:08]} 30. Bf3 {[%emt 0:03:37]} Rg5 {[%emt 0:03:41]} 31. Rc1 {[%emt 0:07:21]} Nd4 {[%emt 0:05:09]} 32. Bh5 {[%emt 0:03:10]} Nb3 {[%emt 0:04:54]} 33. Bxe8 {[%emt 0:00:54]} Nxc1 {[%emt 0:00:07]} 34. f4 {[%emt 0:01:15]} Rf5 {[%emt 0:00:44]} 35. g3 {[%emt 0:00:14]} Nb3 {[%emt 0:00:49]} 36. Rh2 {[%emt 0:02:14]} Nd4 {[%emt 0:00:12]} 37. Ba4 {[%emt 0:00:25]} b5 {[%emt 0:00:05]} 38. Bd1 {[%emt 0:00:03]} a5 {[%emt 0:00:04]} 39. Ra2 {[%emt 0:00:22]} b4 {[%emt 0:00:46]} 40. axb4 {[%emt 0:00:44]} axb4 {[%emt 0:00:06]} 41. Ra4 {[%emt 0:01:13]} b3 {[%emt 0:00:42]} 42. Ke1 {[%emt 0:00:33]} b2 {[%emt 0:00:41]} 43. Rb4 {[%emt 0:00:14]} c2 {[%emt 0:00:05]} 0-1

[Event "September Lviv Tradition 2019"]
[Site "Lviv"]
[Date "2019.09.27"]
[Round "8.4"]
[White "Vakulenko, Oleksandr"]
[Black "Sevostianov, Pavel"]
[Result "0-1"]
[WhiteElo "2167"]
[BlackElo "2260"]
[Annotator "NA"]
[PlyCount "68"]
[EventDate "2019.09.23"]
[EventType "tourn"]
[EventCountry "UKR"]
[SourceTitle "playchess.com"]
[Source "ChessBase"]
[SourceQuality "1"]
[TimeControl "5400+30"]

1. d4 {[%emt 0:00:00]} g6 {[%emt 0:01:05]} 2. c4 {[%emt 0:00:46]} Bg7 {[%emt 0:00:14]} 3. Nc3 {[%emt 0:00:14]} c5 {[%emt 0:00:33]} 4. d5 {[%emt 0:00:20]} d6 {[%emt 0:01:00]} 5. e4 {[%emt 0:00:16]} e6 {[%emt 0:00:16]} 6. Bd3 {[%emt 0:06:27]} Ne7 {[%emt 0:00:38]} 7. h4 {[%emt 0:06:24]} exd5 {[%emt 0:03:11]} 8. exd5 {[%emt 0:00:49]} O-O {[%emt 0:07:23]} 9. Nge2 {[%emt 0:09:01]} Nd7 {[%emt 0:00:42]} 10. h5 {[%emt 0:13:52]} Ne5 {[%emt 0:00:29]} 11. h6 {[%emt 0:01:06]} Bh8 {[%emt 0:00:41]} 12. Bg5 {[%emt 0:00:21]} a6 {[%emt 0:04:51]} 13. Ng3 {[%emt 0:05:06]} f6 {[%emt 0:01:57]} 14. Bf4 {[%emt 0:01:48]} f5 {[%emt 0:00:10]} 15. O-O {[%emt 0:06:00]} Bf6 {[%emt 0:01:41]} 16. Qd2 {[%emt 0:03:10]} Nxd3 {[%emt 0:02:23]} 17. Qxd3 {[%emt 0:00:08]} g5 {[%emt 0:00:08]} 18. Bd2 {[%emt 0:01:56]} Qe8 {[%emt 0:04:24]} 19. Rae1 {[%emt 0:09:14]} Bd7 {[%emt 0:00:51]} 20. Qe2 {[%emt 0:01:31]} f4 {[%emt 0:05:13]} 21. Nge4 {[%emt 0:07:59]} Be5 {[%emt 0:01:21]} 22. Nxc5 {[%emt 0:02:26]} f3 {[%emt 0:01:00]} 23. Qe3 {[%emt 0:09:39]} fxg2 {[%emt 0:02:14]} 24. Qxg5+ {[%emt 0:01:11]} Ng6 {[%emt 0:01:52]} 25. Qxg2 {[%emt 0:05:36]} dxc5 {[%emt 0:02:27]} 26. f4 {[%emt 0:01:06]} Bd4+ {[%emt 0:00:19]} 27. Kh1 {[%emt 0:00:11]} Qd8 {[%emt 0:01:06]} 28. Ne4 {[%emt 0:02:20]} Qh4+ {[%emt 0:02:35]} 29. Qh2 {[%emt 0:00:01]} Qg4 {[%emt 0:01:54]} 30. Be3 {[%emt 0:02:49]} Rae8 {[%emt 0:02:59]} 31. Bxd4 {[%emt 0:01:46]} cxd4 {[%emt 0:00:02]} 32. c5 {[%emt 0:01:32]} Bb5 {[%emt 0:01:39]} 33. Rf2 {[%emt 0:00:46]} Qf5 {[%emt 0:01:18]} 34. Qg2 {[%emt 0:00:23]} Bd3 {[%emt 0:00:40]} 0-1